| Tag |
First Indicator |
Second Indicator |
Subfields |
| LEADER |
00000cam a2200000 a 4500 |
| 001 |
in00001296949 |
| 005 |
20151004092729.0 |
| 007 |
hd afa014baca |
| 008 |
941230s1993 dcu ab f000 0 eng d |
| 035 |
|
|
|a (OCoLC)31752999
|
| 035 |
|
|
|9 AGZ7446AM
|
| 040 |
|
|
|a UP3
|c UP3
|d UtOrBLW
|
| 043 |
|
|
|a n-us---
|
| 049 |
|
|
|a TXAI
|
| 090 |
|
|
|a JK1108
|b .M35 Suppl. 1993 reel 10
|
| 099 |
|
|
|a Film
|a S
|a 1717 1993, reel 10, fr. 00748.
|
| 245 |
0 |
0 |
|a Biotechnology, indigenous peoples, and intellectual property rights /
|c Josephine R. Axt [and others].
|
| 264 |
|
1 |
|a [Washington, D.C.] :
|b Congressional Research Service, Library of Congress,
|c [1993]
|
| 300 |
|
|
|a 70 pages :
|b forms ;
|c 28 cm.
|
| 336 |
|
|
|a text
|b txt
|2 rdacontent
|
| 337 |
|
|
|a microform
|b h
|2 rdamedia
|
| 338 |
|
|
|a microfilm reel
|b hd
|2 rdacarrier
|
| 500 |
|
|
|a Cover title.
|
| 500 |
|
|
|a At head of title: CRS report for Congress.
|
| 500 |
|
|
|a "April 16, 1993."
|
| 504 |
|
|
|a Includes bibliographical references.
|
| 500 |
|
|
|a "93-478 A."
|
| 533 |
|
|
|a Microfilm.
|b Arlington, Va. :
|c University Publications of America,
|d 1994.
|e on 1 microfilm reel ; 35 mm. Low reduction.
|f (Major studies and issue briefs of the Congressional Research Service. 1993 supplement ; reel 10, fr. 00748).
|
| 500 |
|
|
|a Microform.
|
| 650 |
|
0 |
|a Biotechnology
|z United States
|v Patents.
|
| 650 |
|
0 |
|a Indians of North America.
|
| 650 |
|
0 |
|a Intellectual property.
|
| 650 |
|
0 |
|a Hawaiians.
|
| 650 |
|
0 |
|a Alaska Natives.
|
| 700 |
1 |
|
|a Axt, Josephine R.
|
| 710 |
2 |
|
|a Library of Congress.
|b Congressional Research Service.
|
| 830 |
|
0 |
|a Major studies and issue briefs of the Congressional Research Service.
|p Supplement ;
|v 1993, reel 10, fr. 00748.
|
| 999 |
|
|
|a MARS
|
| 999 |
f |
f |
|s b685d919-be20-3649-90ba-fd06917980fb
|i f158e6df-049f-3584-996f-6de845b9cdfd
|t 0
|
| 952 |
f |
f |
|p default
|a Texas A&M University
|b College Station
|c Sterling C. Evans Library
|d Evans: Microforms (3rd floor)
|t 0
|e Film S 1707 1993, reel 10 fr. 00748
|h Other scheme
|i microform -- microfilm reel
|
| 998 |
f |
f |
|a Film S 1707 1993, reel 10 fr. 00748
|t 0
|l Evans: Microforms (3rd floor)
|